Deutschland nach Buchstabe - J - Statistiken

Allgemein
  • Dieses Quiz wurde 62 mal gespielt
  • Das Durchschnittsergebnis liegt bei 9 aus 15
Antwortstatistiken
Frage Antwort % Korrekt
Wie heißt die zweitgrößte Stadt in Thüringen? Jena
100%
Wie heißt die religiöse Bevölkerungsgruppe, die im Nationalsozialismus systematisch verfolgt wurde? Juden
97%
Ein Gedenktag ist der "Aufstand vom 17. ..." ? Juni
93%
Nach welchem Land ist die Koalition zwischen CDU/CSU, Grüne und FDP benannt? Jamaika
88%
Stefanie Hubig ist aktuell Bundesministerin für ... ? Justiz
83%
Welche Insel liegt zwischen Borkum und Norderney? Juist
71%
Welche Art von Markt gibt es seit dem Mittelalter und kann als Vorläufer des Volksfestes gesehen werden? Jahrmarkt
68%
Wie heißt die Nordseebucht zwischen Wilhelmshaven und Wesermarsch, nördlich von Bremen? Jadebusen
56%
Welchen DFB-Pokal gewann 2025 die U19 von Werder Bremen? Junioren
53%
Welcher ursprüngliche Hirtenruf ist auch in Bayern, Thüringen und Sachsen verbreitet? Jodeln
41%
Johann Heinrich Vogeler, Otto Eckmann oder Paul Möbius gehören zu welcher kunstgeschichtlichen Epoche? Jugendstil
39%
Was sind Junge Union, Grüne Jugend oder Jungsozialisten? Jugendorganisation
34%
In welchem Nationalpark liegen die Kreidefelsen Rügens? Jasmund
22%
Wie nannte man den landbesitzenden Adel im preußischen Staat? Junker
17%
Was "erfand" der Lehrer Richard Schirrmann 1909 in Altena? Jugendherberge
7%
Keine übereinstimmenden Quizze gefunden
Verteilung der Resultate
Anzahl Personen mit jedem Resultat
Perzentil nach korrekt beantworteten Fragen
Ihre Resultats-Entwicklung
Sie haben dieses Quiz noch nicht gespielt